000
00304nam a22001097a 4500
082
_a
160
100
_a
वरूण बाली
_9
82532
245
_a
SSC रीजनिंग चैप्टरवाइज 7000+TCS MCQ
260
_a
Meerut
_b
Arihant Pub.
_c
2025
650
_a
G.S.
942
_c
C. BOOKS
999
_c
68166
_d
68166